000 00839nam a2200265Ia 4500
003 OSt
005 20220918171336.0
006 a|||||r|||| 00| 0
007 ta
008 220917b |||||||| |||| 00| 0 eng d
020 _a9781509510979 (pbk)
_cUSD 12.95
024 _a333,793
037 _b13386, 12/01/2018, Elite Publishers Distributors
_cTextual
040 _aARTS
_cARTS
_beng
041 _2eng
_aeng
082 _aX.41.P1, Q7
100 _aFenby Jonathan Au.
_935963
245 0 _aWill China dominate the 21st century
250 _a2nd
260 _aCambridge
_bPolity Press UK
_c2017
300 _a141p.
_ccm.
650 _aCHINA - HISTORY; ECONOMIC CONDITIONS
_935964
942 _hX.41.P1, Q7
_cTEXL
_2CC
999 _c139138
_d139138